Wymień Polskie latarnie morskie - Statystyki

Ogólne statystyki
  • Ten quiz został rozwiązany 80 razy
  • Średni wynik to 11 z 16
Statystyki odpowiedzi
Hint Odpowiedź % Poprawnych
41,5 m Hel
96%
64,3 m Gdańsk
93%
26 m Kołobrzeg
93%
64,8 m Świnoujście
91%
19,5 m Ustka
89%
13,5 m Jastarnia
82%
21 m Darłowo
80%
32,7 m Rozewie
71%
27 m Krynica morska
68%
33,3 m Jarosławiec
63%
33,4 m Stilo
59%
45 m Niechorze
57%
49,8 m Gąski
54%
18,2 m Kikut
48%
25,2 m Czołpino
41%
6 m Arctowski
13%
Nie znaleziono quizów pasujących do podanych kryteriów
Rozkład punktacji
Procent ludzi z każdym wynikiem
Percentyl według liczby udzielonych odpowiedzi
Twoja historia wyników
Nie rozwiązałeś tego quizu